L'Histoire par lettre - B - Statistiques

Statistiques générales
  • Ce quiz a été pris 401 fois
  • Le résultat moyen est 6 sur 10
Statistiques - réponses
Indices Réponses % Correct
Obama Barack
93%
Le dernier pape ayant porté ce nom était _____ XVI Benoît
89%
Ville antique « réputée » pour ces jardins Babylone
88%
Autre nom donné à l'Empire romain d'Orient : Empire ______ Byzantin
81%
Président de la Russie de 1991 à 1999 : _____ Eltsine Boris
63%
Ancien nom de Constantinople (maintenant Istanbul) Byzance
59%
Ancien Royaume et Duché maintenant région occidentale française Bretagne
55%
Ancienne capitale de l'Allemagne de l'Ouest Bonn
45%
Le dernier pape ayant porté ce nom était _______ IX Boniface
10%
Ancien nom du Lesotho Basutoland
5%
Aucun quiz correspondant
Distribution des résultats
% des personnes avec chaque résultat
Percentile par nombre de réponses
Votre historique - résultats
Vous n’avez pas pris ce quiz